[Event "Team Championship Russia (Blitz, Men)"]
[Site "Sochi"]
[Date "2018.10.10"]
[Round "3.12"]
[White "Remizov, Yaroslav"]
[Black "Kezin, Roman"]
[Result "1-0"]
[BlackElo "2575"]
[WhiteElo "2227"]
[LiveChessVersion "1.4.8"]

1. e4 {[%clk 0:03:02]} c5 {[%clk 0:03:04]} 2. Nf3 {[%clk 0:03:04]} e6
{[%clk 0:03:05]} 3. d4 {[%clk 0:03:05]} cxd4 {[%clk 0:03:06]} 4. Nxd4
{[%clk 0:03:06]} Nc6 {[%clk 0:03:07]} 5. Be2 {[%clk 0:03:03]} a6 {[%clk 0:03:06]}
6. c4 {[%clk 0:02:59]} Nf6 {[%clk 0:02:56]} 7. Nc3 {[%clk 0:03:00]} Bb4
{[%clk 0:02:55]} 8. O-O {[%clk 0:02:48]} Qc7 {[%clk 0:02:19]} 9. Qd3
{[%clk 0:01:25]} O-O {[%clk 0:02:18]} 10. Bg5 {[%clk 0:01:22]} Be7
{[%clk 0:02:12]} 11. Rac1 {[%clk 0:01:14]} Ng4 {[%clk 0:02:05]} 12. Bxg4
{[%clk 0:00:42]} Bxg5 {[%clk 0:02:06]} 13. Nxc6 {[%clk 0:00:43]} bxc6
{[%clk 0:01:50]} 14. Rcd1 {[%clk 0:00:40]} c5 {[%clk 0:01:46]} 15. Qd6
{[%clk 0:00:32]} Qxd6 {[%clk 0:01:21]} 16. Rxd6 {[%clk 0:00:34]} Bf4
{[%clk 0:01:22]} 17. Rd3 {[%clk 0:00:30]} Be5 {[%clk 0:00:54]} 18. b3
{[%clk 0:00:28]} Rb8 {[%clk 0:00:35]} 19. Ne2 {[%clk 0:00:25]} Bb7
{[%clk 0:00:10]} 20. f4 {[%clk 0:00:15]} Bc7 {[%clk 0:00:05]} 21. e5
{[%clk 0:00:15]} Bc6 {[%clk 0:00:05]} 22. Bf3 {[%clk 0:00:16]} Bxf3
{[%clk 0:00:05]} 23. gxf3 {[%clk 0:00:17]} Rfd8 24. Rfd1 d6 {[%clk 0:00:05]} 25.
exd6 {[%clk 0:00:19]} Ba5 {[%clk 0:00:06]} 26. Ng3 {[%clk 0:00:11]} Rd7
{[%clk 0:00:06]} 27. f5 {[%clk 0:00:13]} exf5 {[%clk 0:00:05]} 28. Nxf5
{[%clk 0:00:14]} g6 {[%clk 0:00:04]} 29. Ne7+ {[%clk 0:00:15]} Kg7 30. Nc6 Rc8
{[%clk 0:00:03]} 31. Nxa5 {[%clk 0:00:18]} Kf6 {[%clk 0:00:04]} 32. Kf2
{[%clk 0:00:17]} Re8 {[%clk 0:00:05]} 33. Re3 {[%clk 0:00:18]} Rb8
{[%clk 0:00:06]} 34. Rd5 {[%clk 0:00:18]} Rc8 {[%clk 0:00:07]} 35. Ree5
{[%clk 0:00:16]} Rcd8 {[%clk 0:00:08]} 36. Rxc5 {[%clk 0:00:17]} Rxd6 37. Red5
Rxd5 {[%clk 0:00:10]} 38. Rxd5 {[%clk 0:00:19]} Re8 {[%clk 0:00:11]} 39. Nc6
{[%clk 0:00:20]} Re6 {[%clk 0:00:11]} 40. Nd4 {[%clk 0:00:21]} Re7
{[%clk 0:00:11]} 41. Ne2 {[%clk 0:00:22]} Rb7 {[%clk 0:00:10]} 42. c5
{[%clk 0:00:23]} Rb5 {[%clk 0:00:11]} 43. Nc3 {[%clk 0:00:22]} Rb4
{[%clk 0:00:11]} 44. c6 {[%clk 0:00:23]} Rb8 {[%clk 0:00:10]} 45. Rc5
{[%clk 0:00:24]} Ke6 {[%clk 0:00:10]} 46. c7 {[%clk 0:00:25]} Rc8
{[%clk 0:00:12]} 47. Na4 {[%clk 0:00:26]} Kd6 {[%clk 0:00:12]} 48. b4
{[%clk 0:00:27]} f6 {[%clk 0:00:13]} 49. Nb6 {[%clk 0:00:26]} Rxc7
{[%clk 0:00:14]} 50. Nc4+ {[%clk 0:00:27]} Kd7 {[%clk 0:00:15]} 51. Rxc7+
{[%clk 0:00:28]} Kxc7 {[%clk 0:00:16]} 52. Ke3 {[%clk 0:00:30]} Kc6
{[%clk 0:00:18]} 53. Kd4 {[%clk 0:00:31]} Kb5 {[%clk 0:00:19]} 54. Kc3
{[%clk 0:00:32]} Kc6 {[%clk 0:00:20]} 55. a4 {[%clk 0:00:34]} h5 {[%clk 0:00:20]}
56. Kd4 {[%clk 0:00:35]} g5 {[%clk 0:00:21]} 57. Nd2 {[%clk 0:00:35]} Kd6
{[%clk 0:00:22]} 58. Ne4+ {[%clk 0:00:37]} Ke6 59. b5 axb5 {[%clk 0:00:24]} 60.
axb5 {[%clk 0:00:40]} g4 {[%clk 0:00:25]} 61. fxg4 {[%clk 0:00:39]} hxg4
{[%clk 0:00:26]} 62. b6 {[%clk 0:00:40]} Kd7 {[%clk 0:00:26]} 63. Nxf6+
{[%clk 0:00:41]} 1-0

[Event "Team Championship Russia (Blitz, Men)"]
[Site "Sochi"]
[Date "2018.10.10"]
[Round "3.13"]
[White "Alekseenko, Kirill"]
[Black "Sychev, Klementy"]
[Result "1-0"]
[BlackElo "2638"]
[WhiteElo "2613"]
[LiveChessVersion "1.4.8"]

1. e4 {[%clk 0:03:03]} e5 {[%clk 0:03:04]} 2. Nf3 {[%clk 0:03:04]} Nc6
{[%clk 0:03:05]} 3. Bb5 {[%clk 0:03:06]} a6 {[%clk 0:03:05]} 4. Ba4
{[%clk 0:03:07]} d6 {[%clk 0:03:06]} 5. c3 {[%clk 0:03:07]} Bd7 {[%clk 0:03:03]}
6. d4 {[%clk 0:03:05]} g6 {[%clk 0:03:04]} 7. O-O {[%clk 0:03:02]} Bg7
{[%clk 0:03:05]} 8. Re1 {[%clk 0:02:57]} b5 {[%clk 0:03:05]} 9. Bb3
{[%clk 0:02:55]} Nf6 {[%clk 0:02:56]} 10. h3 {[%clk 0:02:56]} O-O
{[%clk 0:02:56]} 11. Nbd2 {[%clk 0:02:53]} Re8 {[%clk 0:02:56]} 12. dxe5
{[%clk 0:02:37]} Nxe5 {[%clk 0:02:47]} 13. Nxe5 {[%clk 0:02:30]} dxe5
{[%clk 0:02:45]} 14. Qe2 {[%clk 0:02:20]} c5 {[%clk 0:02:39]} 15. Nf3
{[%clk 0:02:16]} c4 {[%clk 0:02:30]} 16. Bc2 {[%clk 0:02:17]} Bc6
{[%clk 0:02:31]} 17. Bg5 {[%clk 0:02:06]} h6 {[%clk 0:02:32]} 18. Bh4
{[%clk 0:01:58]} Qc7 {[%clk 0:02:32]} 19. Rad1 {[%clk 0:01:59]} Nh5
{[%clk 0:02:23]} 20. Qe3 {[%clk 0:01:52]} Nf4 {[%clk 0:01:38]} 21. Nh2
{[%clk 0:01:45]} g5 {[%clk 0:01:23]} 22. Bg3 {[%clk 0:01:45]} Rad8
{[%clk 0:01:24]} 23. Nf1 {[%clk 0:01:36]} Bb7 {[%clk 0:01:07]} 24. f3
{[%clk 0:01:29]} Bf8 {[%clk 0:01:07]} 25. Bf2 {[%clk 0:01:29]} Ne6
{[%clk 0:01:05]} 26. Qe2 {[%clk 0:00:58]} Nf4 {[%clk 0:00:52]} 27. Qe3 Ne6 28. g3
{[%clk 0:00:56]} Bc8 {[%clk 0:00:50]} 29. Qe2 {[%clk 0:00:49]} Nc5
{[%clk 0:00:25]} 30. Kg2 {[%clk 0:00:45]} Rxd1 {[%clk 0:00:23]} 31. Rxd1
{[%clk 0:00:46]} Rd8 {[%clk 0:00:22]} 32. Ne3 {[%clk 0:00:47]} Be6
{[%clk 0:00:18]} 33. Nd5 {[%clk 0:00:47]} Qc8 {[%clk 0:00:16]} 34. h4
{[%clk 0:00:41]} gxh4 {[%clk 0:00:09]} 35. gxh4 {[%clk 0:00:43]} Kh8
{[%clk 0:00:11]} 36. Kh2 {[%clk 0:00:43]} Nb7 {[%clk 0:00:05]} 37. Be3
{[%clk 0:00:44]} Rd6 {[%clk 0:00:05]} 38. Qg2 {[%clk 0:00:43]} Qd8
{[%clk 0:00:06]} 39. Qg3 {[%clk 0:00:39]} Bxd5 {[%clk 0:00:05]} 40. exd5
{[%clk 0:00:35]} Be7 {[%clk 0:00:05]} 41. Rg1 {[%clk 0:00:33]} Qf8
{[%clk 0:00:06]} 42. Qxe5+ {[%clk 0:00:29]} Rf6 {[%clk 0:00:08]} 43. Qe4
{[%clk 0:00:25]} Bd6+ {[%clk 0:00:06]} 44. Kh1 Rg6 45. Rxg6 {[%clk 0:00:25]} fxg6
{[%clk 0:00:09]} 46. Bd4+ {[%clk 0:00:26]} 1-0

[Event "Team Championship Russia (Blitz, Men)"]
[Site "Sochi"]
[Date "2018.10.10"]
[Round "3.14"]
[White "Demidov, Mikhail"]
[Black "Alekseev, Evgeny"]
[Result "1-0"]
[BlackElo "2629"]
[WhiteElo "2522"]
[LiveChessVersion "1.4.8"]

1. Nf3 {[%clk 0:03:02]} c5 {[%clk 0:03:03]} 2. g3 {[%clk 0:03:03]} Nc6 3. Bg2 g6
{[%clk 0:03:06]} 4. O-O {[%clk 0:03:05]} Bg7 {[%clk 0:03:07]} 5. d3
{[%clk 0:03:04]} d6 {[%clk 0:03:06]} 6. e4 {[%clk 0:03:05]} e5 {[%clk 0:03:07]}
7. Nc3 {[%clk 0:03:03]} Nge7 {[%clk 0:03:07]} 8. Nh4 {[%clk 0:02:57]} O-O
{[%clk 0:03:04]} 9. f4 {[%clk 0:02:58]} exf4 {[%clk 0:02:52]} 10. Bxf4
{[%clk 0:02:58]} h6 {[%clk 0:02:39]} 11. Bd2 {[%clk 0:02:43]} Be6
{[%clk 0:02:38]} 12. a3 {[%clk 0:02:36]} Qd7 {[%clk 0:02:33]} 13. Rb1
{[%clk 0:02:31]} Nd4 {[%clk 0:02:26]} 14. Nf3 {[%clk 0:02:23]} Nec6
{[%clk 0:02:15]} 15. Ne2 Bg4 16. Nexd4 {[%clk 0:01:39]} Nxd4 {[%clk 0:02:15]} 17.
c3 {[%clk 0:01:39]} Nc6 {[%clk 0:02:02]} 18. Qb3 {[%clk 0:01:25]} Rad8
{[%clk 0:01:51]} 19. Rbe1 {[%clk 0:01:19]} Be6 {[%clk 0:01:10]} 20. Qc2
{[%clk 0:01:20]} d5 {[%clk 0:01:11]} 21. e5 {[%clk 0:01:07]} d4 {[%clk 0:01:12]}
22. c4 {[%clk 0:01:05]} Bg4 {[%clk 0:00:56]} 23. Qc1 {[%clk 0:01:06]} Kh7
{[%clk 0:00:54]} 24. Bf4 {[%clk 0:01:02]} Rde8 {[%clk 0:00:43]} 25. b4
{[%clk 0:00:43]} b6 {[%clk 0:00:42]} 26. b5 {[%clk 0:00:41]} Bxf3
{[%clk 0:00:42]} 27. Bxf3 {[%clk 0:00:41]} Nxe5 {[%clk 0:00:43]} 28. Bxe5
{[%clk 0:00:34]} Bxe5 {[%clk 0:00:42]} 29. Bc6 {[%clk 0:00:35]} Qc7
{[%clk 0:00:36]} 30. Bxe8 {[%clk 0:00:35]} Rxe8 {[%clk 0:00:37]} 31. Qd2
{[%clk 0:00:30]} Kg7 {[%clk 0:00:37]} 32. Qg2 {[%clk 0:00:29]} Re6
{[%clk 0:00:37]} 33. Qd5 {[%clk 0:00:25]} h5 {[%clk 0:00:35]} 34. Kg2
{[%clk 0:00:24]} Qe7 {[%clk 0:00:34]} 35. Qf3 {[%clk 0:00:17]} f6
{[%clk 0:00:16]} 36. Re4 {[%clk 0:00:14]} Rd6 {[%clk 0:00:14]} 37. Rfe1
{[%clk 0:00:15]} Re6 {[%clk 0:00:16]} 38. R4e2 {[%clk 0:00:16]} Qd7
{[%clk 0:00:15]} 39. a4 {[%clk 0:00:17]} Kh6 {[%clk 0:00:14]} 40. Ra1
{[%clk 0:00:17]} g5 {[%clk 0:00:15]} 41. Rae1 {[%clk 0:00:14]} Re7
{[%clk 0:00:14]} 42. h3 {[%clk 0:00:12]} Qe6 {[%clk 0:00:14]} 43. g4
{[%clk 0:00:12]} Kg7 {[%clk 0:00:12]} 44. Re4 {[%clk 0:00:13]} Re8
{[%clk 0:00:13]} 45. gxh5 {[%clk 0:00:14]} Kh6 {[%clk 0:00:13]} 46. R4e2
{[%clk 0:00:13]} Re7 {[%clk 0:00:14]} 47. Re4 {[%clk 0:00:12]} Re8
{[%clk 0:00:14]} 48. R1e2 {[%clk 0:00:12]} Re7 {[%clk 0:00:15]} 49. h4
{[%clk 0:00:11]} Rg7 {[%clk 0:00:16]} 50. Rg4 {[%clk 0:00:11]} Qd6
{[%clk 0:00:13]} 51. hxg5+ {[%clk 0:00:12]} fxg5 {[%clk 0:00:14]} 52. Qf5
{[%clk 0:00:13]} Bf6 {[%clk 0:00:13]} 53. Re6 {[%clk 0:00:14]} 1-0

[Event "Team Championship Russia (Blitz, Men)"]
[Site "Sochi"]
[Date "2018.10.10"]
[Round "3.15"]
[White "Usmanov, Vasily"]
[Black "Afanasiev, Nikita"]
[Result "0-1"]
[BlackElo "2543"]
[WhiteElo "2446"]
[LiveChessVersion "1.4.8"]

1. d4 {[%clk 0:03:03]} Nf6 {[%clk 0:03:03]} 2. Bg5 {[%clk 0:03:04]} e6
{[%clk 0:03:01]} 3. Nd2 {[%clk 0:03:04]} d5 {[%clk 0:02:59]} 4. e3
{[%clk 0:03:03]} h6 {[%clk 0:02:55]} 5. Bh4 {[%clk 0:03:02]} c5 {[%clk 0:02:53]}
6. c3 {[%clk 0:03:03]} Nc6 {[%clk 0:02:54]} 7. Bd3 {[%clk 0:02:58]} Bd6
{[%clk 0:02:49]} 8. f4 {[%clk 0:02:46]} Ne7 {[%clk 0:02:34]} 9. Ngf3
{[%clk 0:02:43]} b6 {[%clk 0:02:17]} 10. O-O {[%clk 0:02:36]} Bb7
{[%clk 0:02:17]} 11. Ne5 {[%clk 0:02:23]} a6 {[%clk 0:02:11]} 12. Qe2
{[%clk 0:01:55]} Qc7 {[%clk 0:01:45]} 13. Rae1 {[%clk 0:01:53]} b5
{[%clk 0:01:33]} 14. a3 {[%clk 0:01:50]} Ne4 {[%clk 0:01:09]} 15. Nxe4
{[%clk 0:01:14]} dxe4 {[%clk 0:01:09]} 16. Bb1 {[%clk 0:01:14]} Nf5
{[%clk 0:00:57]} 17. Bf2 {[%clk 0:01:11]} h5 {[%clk 0:00:58]} 18. c4
{[%clk 0:00:55]} cxd4 {[%clk 0:00:36]} 19. exd4 {[%clk 0:00:53]} Bxe5
{[%clk 0:00:34]} 20. dxe5 {[%clk 0:00:49]} Qxc4 {[%clk 0:00:31]} 21. Qxc4
{[%clk 0:00:44]} bxc4 {[%clk 0:00:31]} 22. Bxe4 {[%clk 0:00:45]} Bd5
{[%clk 0:00:20]} 23. Re2 {[%clk 0:00:28]} O-O {[%clk 0:00:17]} 24. Rd1
{[%clk 0:00:27]} Bxe4 {[%clk 0:00:16]} 25. Rxe4 {[%clk 0:00:28]} Rab8
{[%clk 0:00:17]} 26. Rd2 {[%clk 0:00:24]} Rfc8 {[%clk 0:00:16]} 27. Rc2
{[%clk 0:00:24]} Rb3 {[%clk 0:00:15]} 28. Bd4 {[%clk 0:00:10]} Nxd4
{[%clk 0:00:10]} 29. Rxd4 {[%clk 0:00:11]} c3 {[%clk 0:00:11]} 30. bxc3
{[%clk 0:00:08]} Rxa3 {[%clk 0:00:10]} 31. c4 {[%clk 0:00:09]} Rc5
{[%clk 0:00:08]} 32. Kf2 {[%clk 0:00:07]} Kh7 {[%clk 0:00:09]} 33. h3
{[%clk 0:00:06]} h4 {[%clk 0:00:09]} 34. Ke2 {[%clk 0:00:06]} Kg6
{[%clk 0:00:09]} 35. Rd3 {[%clk 0:00:07]} Ra4 {[%clk 0:00:10]} 36. Rdc3
{[%clk 0:00:08]} Kf5 {[%clk 0:00:07]} 37. Kf3 {[%clk 0:00:09]} a5
{[%clk 0:00:08]} 38. g4+ {[%clk 0:00:10]} hxg3 {[%clk 0:00:08]} 39. Kxg3
{[%clk 0:00:10]} Rb4 {[%clk 0:00:10]} 40. Kf3 {[%clk 0:00:11]} a4
{[%clk 0:00:11]} 41. Rg2 {[%clk 0:00:12]} f6 {[%clk 0:00:07]} 42. Rxg7
{[%clk 0:00:13]} Rcxc4 {[%clk 0:00:06]} 43. Rxc4 {[%clk 0:00:14]} Rxc4
{[%clk 0:00:07]} 44. exf6 {[%clk 0:00:14]} Rxf4+ {[%clk 0:00:06]} 45. Ke3
{[%clk 0:00:15]} Kxf6 {[%clk 0:00:07]} 46. Ra7 {[%clk 0:00:15]} Rh4
{[%clk 0:00:07]} 47. Ke2 {[%clk 0:00:14]} Ke5 {[%clk 0:00:06]} 48. Ra5+
{[%clk 0:00:15]} Kf6 {[%clk 0:00:06]} 49. Kf2 {[%clk 0:00:15]} e5
{[%clk 0:00:06]} 50. Kg3 {[%clk 0:00:15]} Rb4 {[%clk 0:00:06]} 51. Ra8
{[%clk 0:00:14]} Kf5 {[%clk 0:00:06]} 52. Rf8+ {[%clk 0:00:13]} Ke4
{[%clk 0:00:08]} 53. h4 {[%clk 0:00:14]} Rb1 {[%clk 0:00:08]} 54. Ra8
{[%clk 0:00:14]} Rb4 {[%clk 0:00:05]} 55. Kg4 {[%clk 0:00:13]} Kd3+
{[%clk 0:00:05]} 56. Kf5 {[%clk 0:00:12]} e4 {[%clk 0:00:06]} 57. Kf4
{[%clk 0:00:13]} e3+ {[%clk 0:00:07]} 58. Kf3 {[%clk 0:00:15]} Rxh4
{[%clk 0:00:04]} 59. Rd8+ {[%clk 0:00:16]} Rd4 {[%clk 0:00:05]} 60. Re8
{[%clk 0:00:17]} e2 {[%clk 0:00:05]} 61. Re3+ {[%clk 0:00:16]} Kc2
{[%clk 0:00:05]} 62. Rxe2+ {[%clk 0:00:15]} Rd2 {[%clk 0:00:06]} 63. Re8
{[%clk 0:00:14]} a3 {[%clk 0:00:06]} 64. Ra8 {[%clk 0:00:14]} Kb2
{[%clk 0:00:06]} 65. Ke3 {[%clk 0:00:15]} Rd5 {[%clk 0:00:06]} 66. Rb8+
{[%clk 0:00:13]} Kc2 {[%clk 0:00:05]} 67. Rc8+ {[%clk 0:00:11]} Kb3
{[%clk 0:00:06]} 68. Rb8+ {[%clk 0:00:10]} Ka4 {[%clk 0:00:06]} 69. Ke4
{[%clk 0:00:09]} Ra5 {[%clk 0:00:06]} 70. Kd3 {[%clk 0:00:04]} a2
{[%clk 0:00:07]} 71. Kc4 {[%clk 0:00:03]} a1=Q {[%clk 0:00:06]} 72. Rb4+
{[%clk 0:00:04]} Ka3 {[%clk 0:00:07]} 73. Rb3+ {[%clk 0:00:05]} Ka2
{[%clk 0:00:08]} 74. Kd4 0-1

[Event "Team Championship Russia (Blitz, Men)"]
[Site "Sochi"]
[Date "2018.10.10"]
[Round "3.16"]
[White "Apryshko, Gleb"]
[Black "Romanov, Evgeny"]
[Result "0-1"]
[BlackElo "2523"]
[WhiteElo "2440"]
[LiveChessVersion "1.4.8"]

1. e4 {[%clk 0:03:04]} c5 2. Nf3 a6 {[%clk 0:03:03]} 3. Nc3 {[%clk 0:03:06]} b5
{[%clk 0:03:04]} 4. g3 {[%clk 0:03:01]} Bb7 {[%clk 0:03:04]} 5. Bg2
{[%clk 0:03:02]} b4 {[%clk 0:03:02]} 6. Na4 {[%clk 0:03:03]} d6 {[%clk 0:02:55]}
7. d4 {[%clk 0:02:54]} cxd4 {[%clk 0:02:39]} 8. Nxd4 {[%clk 0:02:54]} Nf6
{[%clk 0:02:39]} 9. c4 {[%clk 0:02:47]} e5 {[%clk 0:02:28]} 10. Nc2
{[%clk 0:02:31]} a5 {[%clk 0:02:19]} 11. Bg5 {[%clk 0:02:27]} Nbd7
{[%clk 0:02:18]} 12. a3 {[%clk 0:02:19]} bxa3 {[%clk 0:02:12]} 13. Nxa3
{[%clk 0:02:18]} h6 {[%clk 0:02:13]} 14. Bxf6 {[%clk 0:02:09]} Nxf6
{[%clk 0:02:14]} 15. O-O {[%clk 0:01:50]} Be7 {[%clk 0:02:14]} 16. Nc3
{[%clk 0:01:33]} O-O {[%clk 0:02:15]} 17. Nd5 {[%clk 0:01:31]} Nxd5
{[%clk 0:02:10]} 18. cxd5 {[%clk 0:01:18]} Ba6 {[%clk 0:02:11]} 19. Re1
{[%clk 0:01:19]} Qb6 {[%clk 0:02:12]} 20. Qa4 {[%clk 0:00:34]} f5
{[%clk 0:01:56]} 21. Qd7 {[%clk 0:00:28]} Ra7 {[%clk 0:01:51]} 22. Qe6+
{[%clk 0:00:30]} Kh8 {[%clk 0:01:51]} 23. Qg6 {[%clk 0:00:10]} f4
{[%clk 0:01:34]} 24. gxf4 Rxf4 {[%clk 0:01:28]} 25. Kh1 {[%clk 0:00:04]} Rxf2
{[%clk 0:01:16]} 26. Bh3 {[%clk 0:00:04]} Qxb2 {[%clk 0:01:11]} 27. Bf5
{[%clk 0:00:04]} Rxh2+ {[%clk 0:01:12]} 0-1

[Event "Team Championship Russia (Blitz, Men)"]
[Site "Sochi"]
[Date "2018.10.10"]
[Round "3.17"]
[White "Kretov, Evgenij"]
[Black "Paravyan, David"]
[Result "0-1"]
[BlackElo "2634"]
[WhiteElo "2355"]
[LiveChessVersion "1.4.8"]

1. d4 {[%clk 0:03:03]} d5 {[%clk 0:03:04]} 2. c4 c6 3. Nc3 {[%clk 0:03:05]} Nf6
{[%clk 0:03:07]} 4. e3 Bf5 {[%clk 0:03:05]} 5. cxd5 {[%clk 0:03:05]} cxd5
{[%clk 0:03:06]} 6. Qb3 {[%clk 0:03:06]} Bc8 {[%clk 0:03:06]} 7. Nf3
{[%clk 0:03:04]} e6 {[%clk 0:03:05]} 8. Bd2 {[%clk 0:02:49]} Nc6 {[%clk 0:03:06]}
9. Rc1 {[%clk 0:02:47]} Be7 {[%clk 0:03:05]} 10. Bd3 {[%clk 0:02:45]} O-O
{[%clk 0:03:06]} 11. O-O {[%clk 0:02:45]} Bd7 {[%clk 0:02:49]} 12. Na4
{[%clk 0:02:14]} Na5 {[%clk 0:02:43]} 13. Bxa5 {[%clk 0:02:14]} Qxa5
{[%clk 0:02:43]} 14. Nc5 {[%clk 0:02:14]} Rfb8 {[%clk 0:01:41]} 15. Ne5
{[%clk 0:01:57]} Be8 {[%clk 0:01:38]} 16. f4 {[%clk 0:01:51]} b6 {[%clk 0:01:32]}
17. Na6 {[%clk 0:01:51]} Rc8 {[%clk 0:01:33]} 18. a3 {[%clk 0:00:33]} Bd6
{[%clk 0:01:24]} 19. Nb4 {[%clk 0:00:24]} Ba4 {[%clk 0:01:23]} 20. Qa2
{[%clk 0:00:19]} Bxb4 {[%clk 0:01:24]} 21. axb4 {[%clk 0:00:20]} Qxb4
{[%clk 0:01:25]} 22. Rc3 {[%clk 0:00:18]} Be8 {[%clk 0:01:04]} 23. Rfc1
{[%clk 0:00:18]} Rxc3 24. Rxc3 a5 {[%clk 0:00:57]} 25. h3 {[%clk 0:00:20]} a4
{[%clk 0:00:56]} 26. Kh2 {[%clk 0:00:21]} g6 {[%clk 0:00:52]} 27. Qa3
{[%clk 0:00:18]} Qxa3 {[%clk 0:00:49]} 28. bxa3 {[%clk 0:00:19]} b5
{[%clk 0:00:43]} 29. Rc1 {[%clk 0:00:07]} Ne4 {[%clk 0:00:44]} 30. Bxe4
{[%clk 0:00:08]} dxe4 {[%clk 0:00:45]} 31. Kg1 {[%clk 0:00:07]} Kf8
{[%clk 0:00:34]} 32. Kf2 {[%clk 0:00:05]} f6 {[%clk 0:00:23]} 33. Ng4 Ke7 34. Ke1
{[%clk 0:00:06]} h5 {[%clk 0:00:18]} 35. Nf2 {[%clk 0:00:07]} f5 {[%clk 0:00:20]}
36. Kd2 {[%clk 0:00:08]} Kd6 {[%clk 0:00:20]} 37. Rb1 {[%clk 0:00:08]} h4
{[%clk 0:00:18]} 38. Nd1 {[%clk 0:00:08]} Kc7 {[%clk 0:00:14]} 39. Nc3
{[%clk 0:00:09]} Kb6 {[%clk 0:00:15]} 40. Na2 {[%clk 0:00:06]} Rc8
{[%clk 0:00:16]} 41. Nc3 {[%clk 0:00:07]} Ka5 {[%clk 0:00:17]} 42. Rb4
{[%clk 0:00:07]} Bc6 {[%clk 0:00:12]} 43. Ne2 {[%clk 0:00:07]} Bd5
{[%clk 0:00:12]} 44. Nc3 {[%clk 0:00:07]} Bc4 {[%clk 0:00:13]} 45. Rb2
{[%clk 0:00:03]} Bb3 {[%clk 0:00:14]} 46. Ne2 {[%clk 0:00:03]} b4
{[%clk 0:00:15]} 47. axb4+ {[%clk 0:00:05]} Kxb4 {[%clk 0:00:16]} 48. Nc1
{[%clk 0:00:06]} Rc7 {[%clk 0:00:13]} 49. Na2+ {[%clk 0:00:07]} Ka3
{[%clk 0:00:14]} 0-1

[Event "Team Championship Russia (Blitz, Men)"]
[Site "Sochi"]
[Date "2018.10.10"]
[Round "3.18"]
[White "Antipov, Mikhail Al."]
[Black "Chekhov, Sergei"]
[Result "1-0"]
[BlackElo "2391"]
[WhiteElo "2491"]
[LiveChessVersion "1.4.8"]

1. e4 {[%clk 0:03:03]} c5 {[%clk 0:03:04]} 2. Nf3 {[%clk 0:03:04]} e6
{[%clk 0:03:05]} 3. b3 {[%clk 0:03:05]} b6 {[%clk 0:03:06]} 4. Bb2
{[%clk 0:03:06]} Bb7 {[%clk 0:03:07]} 5. Nc3 {[%clk 0:03:08]} d6 {[%clk 0:03:08]}
6. d4 {[%clk 0:03:08]} cxd4 {[%clk 0:03:09]} 7. Nxd4 {[%clk 0:03:10]} a5
{[%clk 0:03:09]} 8. Qe2 {[%clk 0:03:05]} Nf6 {[%clk 0:03:08]} 9. O-O-O
{[%clk 0:03:00]} Nbd7 {[%clk 0:03:09]} 10. g4 {[%clk 0:03:01]} h6
{[%clk 0:02:43]} 11. f4 {[%clk 0:03:02]} Qc7 {[%clk 0:02:22]} 12. Bg2
{[%clk 0:03:00]} Rc8 {[%clk 0:01:54]} 13. e5 {[%clk 0:02:44]} Bxg2
{[%clk 0:01:42]} 14. exf6 {[%clk 0:02:37]} Bxh1 {[%clk 0:01:35]} 15. Nxe6
{[%clk 0:02:37]} fxe6 {[%clk 0:01:34]} 16. Qxe6+ {[%clk 0:02:38]} Kd8
{[%clk 0:01:35]} 17. f7 {[%clk 0:02:15]} Nf6 {[%clk 0:01:28]} 18. g5
{[%clk 0:01:13]} Qe7 {[%clk 0:00:53]} 19. Qh3 {[%clk 0:00:48]} Nd5
{[%clk 0:00:26]} 20. g6 {[%clk 0:00:11]} Qe3+ {[%clk 0:00:13]} 21. Qxe3
{[%clk 0:00:10]} Nxe3 {[%clk 0:00:14]} 22. Rxh1 {[%clk 0:00:11]} Be7
{[%clk 0:00:13]} 23. Re1 {[%clk 0:00:12]} Nf5 {[%clk 0:00:13]} 24. Nd5
{[%clk 0:00:11]} Bh4 {[%clk 0:00:10]} 25. Re4 {[%clk 0:00:05]} Rc5
{[%clk 0:00:08]} 26. Ne3 {[%clk 0:00:04]} Nxe3 {[%clk 0:00:06]} 27. Rxe3
{[%clk 0:00:06]} Bf6 {[%clk 0:00:04]} 28. Bxf6+ {[%clk 0:00:06]} gxf6
{[%clk 0:00:05]} 29. g7 {[%clk 0:00:08]} 1-0

[Event "Team Championship Russia (Blitz, Men)"]
[Site "Sochi"]
[Date "2018.10.10"]
[Round "3.19"]
[White "Okun, Evgeny"]
[Black "Yuffa, Daniil"]
[Result "0-1"]
[BlackElo "2470"]
[WhiteElo "2197"]
[LiveChessVersion "1.4.8"]

1. Nf3 {[%clk 0:03:02]} d6 {[%clk 0:03:00]} 2. d4 {[%clk 0:02:58]} Nf6
{[%clk 0:02:59]} 3. h3 {[%clk 0:02:53]} g6 {[%clk 0:02:55]} 4. Bf4
{[%clk 0:02:53]} Bg7 {[%clk 0:02:55]} 5. e3 {[%clk 0:02:54]} O-O {[%clk 0:02:55]}
6. c3 {[%clk 0:02:55]} Nc6 {[%clk 0:02:55]} 7. Be2 {[%clk 0:02:56]} Nd7
{[%clk 0:02:56]} 8. Bh2 {[%clk 0:02:56]} e5 {[%clk 0:02:57]} 9. Nbd2
{[%clk 0:02:56]} f5 {[%clk 0:02:53]} 10. dxe5 {[%clk 0:02:44]} dxe5
{[%clk 0:02:42]} 11. O-O {[%clk 0:02:37]} Kh8 {[%clk 0:02:33]} 12. Nc4
{[%clk 0:02:18]} Qe7 {[%clk 0:02:34]} 13. Qc2 {[%clk 0:01:56]} a6
{[%clk 0:02:28]} 14. a4 {[%clk 0:01:56]} g5 {[%clk 0:02:22]} 15. Rad1
{[%clk 0:01:46]} g4 {[%clk 0:02:14]} 16. hxg4 {[%clk 0:01:46]} fxg4
{[%clk 0:02:14]} 17. Nfd2 {[%clk 0:01:46]} Nc5 {[%clk 0:02:14]} 18. b4
{[%clk 0:01:34]} b5 {[%clk 0:01:53]} 19. axb5 {[%clk 0:01:28]} axb5
{[%clk 0:01:54]} 20. Nb2 Nb7 {[%clk 0:01:29]} 21. Bxb5 {[%clk 0:01:29]} Bf5
{[%clk 0:01:22]} 22. e4 {[%clk 0:01:18]} Bd7 {[%clk 0:01:23]} 23. Ndc4
{[%clk 0:01:20]} Nxb4 {[%clk 0:01:13]} 24. Rxd7 {[%clk 0:01:13]} Qxd7
{[%clk 0:01:13]} 25. Bxd7 {[%clk 0:01:14]} Nxc2 {[%clk 0:01:14]} 26. Nxe5
{[%clk 0:01:05]} Ra2 {[%clk 0:00:58]} 27. Nbd3 {[%clk 0:01:02]} Nd6
{[%clk 0:00:56]} 28. Nc5 {[%clk 0:00:56]} Rfa8 {[%clk 0:00:42]} 29. Nxg4
{[%clk 0:00:43]} Ra1 {[%clk 0:00:43]} 30. e5 {[%clk 0:00:26]} Nc4
{[%clk 0:00:44]} 31. e6 {[%clk 0:00:16]} Nd2 {[%clk 0:00:45]} 32. g3
{[%clk 0:00:05]} Rxf1+ 33. Kg2 h5 {[%clk 0:00:40]} 34. Ne3 {[%clk 0:00:06]} Nxe3+
{[%clk 0:00:40]} 35. fxe3 {[%clk 0:00:07]} Bf8 {[%clk 0:00:35]} 36. g4
{[%clk 0:00:07]} Bxc5 {[%clk 0:00:33]} 37. Be5+ {[%clk 0:00:04]} Kg8
{[%clk 0:00:34]} 38. gxh5 {[%clk 0:00:06]} Raf8 {[%clk 0:00:35]} 39. h6
{[%clk 0:00:06]} R1f2+ {[%clk 0:00:29]} 40. Kg3 {[%clk 0:00:06]} Ne4+
{[%clk 0:00:28]} 41. Kh4 {[%clk 0:00:04]} Be7+ {[%clk 0:00:23]} 42. Kh5
{[%clk 0:00:05]} R8f5+ {[%clk 0:00:22]} 43. Kg4 {[%clk 0:00:00]} Rxe5
{[%clk 0:00:22]} 0-1